000 00910nam a22003137a 4500
001 BR7200821
003 BR-BrBNA
005 20230928083821.0
007 ta
008 230509b bl.||||| |||| 00| 0 por d
040 _aBR-BrBNA
_bpor
_cBiblioteca Nacional de Agricultura
041 _a(Por)
072 _aE10; F00
_b0316
_b/G514
090 _ 0316 BR7200821
110 1 _aCarioca Industrial e Agricola do Maranhao S.A., Sao Luis (Brasil)
_91345
245 1 _aInforme sobre o projeto de aproveitamento integral do babacu - Codo - Maranhao [Brasil]
260 3 _aSao Luis, MA (Brasil):
_c1972.
300 _a22 p.
500 _a8 tables
650 _aPROJETO DE DESENVOLVIMENTO
650 _aRECURSO NATURAL
650 _aPLANTA OLEAGINOSA
650 _aBABACU
650 _aINDUSTRIALIZACAO
650 _aCODO
650 _aMARANHAO
909 _a202309
_bLucia
_c55
_dLucia Elande
942 _cBK
999 _c15364
_d15364